Automotive mechanics : principles (Record no. 4668)
[ view plain ]
| 000 -LEADER | |
|---|---|
| fixed length control field | 00415nam a2200157Ia 4500 |
| 008 - FIXED-LENGTH DATA ELEMENTS--GENERAL INFORMATION | |
| fixed length control field | 230711s9999||||xx |||||||||||||| ||und|| |
| 041 ## - LANGUAGE CODE | |
| Language code of text/sound track or separate title | ENG |
| 082 ## - DEWEY DECIMAL CLASSIFICATION NUMBER | |
| Classification number | 629.2 |
| Item number | HE-A |
| 100 ## - MAIN ENTRY--PERSONAL NAME | |
| Personal name | Heitner,Joseph |
| 245 #0 - TITLE STATEMENT | |
| Title | Automotive mechanics : principles |
| 250 ## - EDITION STATEMENT | |
| Edition statement | 2nd . Ed. |
| 260 ## - PUBLICATION, DISTRIBUTION, ETC. | |
| Date of publication, distribution, etc. | 2006 |
| Place of publication, distribution, etc. | New Delhi |
| Name of publisher, distributor, etc. | Affiliated East-West Press Private Limited |
| 300 ## - PHYSICAL DESCRIPTION | |
| Extent | 608 |
| 650 ## - SUBJECT ADDED ENTRY--TOPICAL TERM | |
| Topical term or geographic name entry element | Mechanical Engineering |
| 942 ## - ADDED ENTRY ELEMENTS (KOHA) | |
| Koha item type | Book |
| Withdrawn status | Lost status | Damaged status | Not for loan | Collection | Home library | Current library | Date acquired | Total checkouts | Full call number | Barcode | Date last seen | Price effective from | Koha item type |
|---|---|---|---|---|---|---|---|---|---|---|---|---|---|
| MRSPTU Central Library | MRSPTU Central Library | 629.2 HE-A | 16326 | 08/17/2023 | 08/17/2023 | Book | |||||||
| MRSPTU Central Library | MRSPTU Central Library | 629.2 HE-A | 16327 | 08/17/2023 | 08/17/2023 | Book | |||||||
| MRSPTU Central Library | MRSPTU Central Library | 629.2 HE-A | 16328 | 08/17/2023 | 08/17/2023 | Book | |||||||
| MRSPTU Central Library | MRSPTU Central Library | 629.2 HE-A | 16329 | 08/17/2023 | 08/17/2023 | Book | |||||||
| MRSPTU Central Library | MRSPTU Central Library | 629.2 HE-A | 16330 | 08/17/2023 | 08/17/2023 | Book |
